000 00529nmm a2200157Ia 4500
008 251105s9999||||xx |||||||||||||||||und||
020 _a9789585453296
041 _aspa
100 _aSocorro Peláez L., María del
245 0 _aReflexiones Clínicas: Para el acompañamiento terapéutico
264 _a[Bogotá, Colombia] :
_bSello Editorial Javeriana - Pontificia Universidad Javeriana Cali,
_c2018
300 _a80 páginas
650 _aMedicine
856 _uhttps://public.digitaliapublishing.com/a/59661
942 _cCF
999 _c95135
_d95135